000
00305nam a2200121 a 4500
005
20140414131900.0
008
100916s19uu xx 00 eng d
050
_a
FIC
_b
J71 2006
100
_a
Jones, Jasmine
245
_a
Queen of hearts.
260
_a
New York :
_b
Disney Press,
_c
2006.
999
_c
110624
_d
110624